000 00280nam a2200109Ia 4500
008 220204s9999 xx 000 0 und d
082 _a330.143.2
_bWOO
100 _aWOOD, E G
245 0 _aAdded value: The key to prosperity
260 _aLondon
_bBusiness books
_c1978
942 _cBK
999 _c32354
_d32354